Most Isolated Islands In The World - Statistics

General Stats
  • This quiz has been taken 38 times
  • The average score is 3 of 15
Answer Stats
Distance to nearest landmass Closest Land Island/Archipelago % Correct
1,100km Ascension Island Saint Helena
63%
1,300km Portugal Azores
60%
1,060km Morocco Madeira
43%
1,050km United States Bermuda
34%
1,100km Saint Helena Ascension Island
31%
1,639km Antarctica Bouvet Island
31%
900km Christmas Island Cocos Islands
17%
945km Revillagigedo Islands Clipperton Island
14%
890km Hawaii Johnston Atoll
11%
800km New Zealand Norfolk Island
11%
1,050km Crozet Islands Prince Edward Islands
11%
1,015km Northern Mariana Islands Minamitorishima
9%
1,167km Brazil Trinidade and Martim Vaz
6%
850km Chile Desventuradas Islands
0%
1,000km New Zealand Kermadec Islands
0%
No matching quizzes found
Score Distribution
Percent of People with Each Score
Percentile by Number Answered
Your Score History
You have not taken this quiz